Deutsche Sprachwissenschaft und sprachliche Norm

Predložený príspevok je venovaný súčasným aspektom germanistickej jazykovedy a skúma najdôležitejšie fenomény kodifikácie, ku ktorým patria ortoepia a ortografia.

Gespeichert in:
Bibliographische Detailangaben
1. Verfasser: Adamcová, Lívia
Format: Buchkapitel
Sprache:Deutsch
Schlagworte:
Tags: Tag hinzufügen
Keine Tags, Fügen Sie das erste Tag hinzu!

MARC

LEADER 00000nla$a2200000$$$4500
001 0113651
005 20240502072249.9
041 0 |a ger 
044 |a SK 
245 1 0 |a Deutsche Sprachwissenschaft und sprachliche Norm  |c Lívia Adamcová 
520 |a Predložený príspevok je venovaný súčasným aspektom germanistickej jazykovedy a skúma najdôležitejšie fenomény kodifikácie, ku ktorým patria ortoepia a ortografia. 
610 2 0 |a jazykoveda 
610 2 0 |a jazyky cudzie 
610 2 0 |a nemčina 
100 1 |a Adamcová, Lívia